000 00616nam a2200169 i 4500
001 138633
003 ES-MaACL
005 20230906195613.0
007 t|
008 070214s1925 sp r ||||1| spa d
100 1 _aSantander, Federico.
_9103332
245 1 0 _aPor la verdad y por el Rey /
_cFederico Santander Ruiz-Giménez.
260 _aMadrid :
_b[s. n.],
_c1925 (
_fIndustrial Gráfica)
300 _a38 p. ;
_c19 x 14 cm.
500 _aEdición invendible, ejemplar nº 844 "Señores socios del Ateneo de Madrid" en cubierta posterior.
852 _aES-MaACL
_j1680-F-2
_z.- Ejemplar numerado nº 844
_bR.4883
999 _c138633
_d138633